000 00883nam0a22002651 4500
001 rc\4307150
005 20250612043733.0
021 _aRU
_b[69-15295]
035 _a(NLR Aleph) 008505877
090 _a8138329
_c8138329
100 _a20130416d1968 |||y0rusy50 ca
101 0 _arus
102 _aRU
105 _aa z |||||
200 1 _aСовременное деловое письмо в промышленности
210 _aМосква
_cИзд-во стандартов
_d1968
215 _a111 с.
_cчерт.
_d21
320 _aБиблиогр.: с. 109-110 (18 назв.)
606 _aПромышленные предприятия
_xДелопроизводство
_2psbo
700 1 _aВеселов
_bП.В.
_gПетр Васильевич
801 0 _aRU
_bNLR
_gpsbo
801 1 _aRU
_bELAR
_2rusmarc
852 _aNLR
_j69-5/1561
942 _cBOOK
980 _aNB